Computer fundamentals : (Record no. 4671)

MARC details
000 -LEADER
fixed length control field 00635 a2200205 4500
010 ## - LCCN (DPL NO)
LC control number ENG-86496
020 ## - INTERNATIONAL STANDARD BOOK NUMBER
International Standard Book Number 8176567523
Terms of availability 540.00
035 ## - SYSTEM CONTROL NUMBER
System control number EN-70029
037 ## - SOURCE OF ACQUISITION
Source of stock number/acquisition DBAD / PUB
082 14 - DEWEY DECIMAL CLASSIFICATION NUMBER
Classification number 004
100 1# - MAIN ENTRY--PERSONAL NAME
Personal name Sinha, Pradeep K
245 1# - TITLE STATEMENT
Title Computer fundamentals :
Statement of responsibility, etc by Pradeep K. Sinha [and] Priti Sinha
Remainder of title concepts, systems & applications /
250 ## - EDITION STATEMENT
Edition statement 4th ed.
260 ## - PUBLICATION, DISTRIBUTION, ETC. (IMPRINT)
Place of publication, distribution, etc New Delhi
Name of publisher, distributor, etc BPB Publications
Date of publication, distribution, etc 2007
270 ## - ADDRESS
Address B-14, Connaught Place
City New Delhi
Postal code 110 001
300 ## - PHYSICAL DESCRIPTION
Extent xxvii, 457p.
Dimensions 28cm (pbk)
Accompanying material CD-ROM
500 ## - GENERAL NOTE
General note Includes index
700 ## - ADDED ENTRY--PERSONAL NAME
Personal name Sinha, Priti
942 ## - ADDED ENTRY ELEMENTS (KOHA)
Institution code [OBSOLETE] dpl
Item type English Books
Source of classification or shelving scheme Dewey Decimal Classification
Classification part 004
Call number suffix SIN
Holdings
Withdrawn status Lost status Not for loan Collection code Home library Current library Source of acquisition Cost, normal purchase price Full call number Barcode Copy number Cost, replacement price Koha item type
    Not For Loan Non-fiction D.B.Act.Division D.B.Act.Division DBAD/PUB 540.00 004 SIN EN-70029 1 540.00 English Books

© Delhi Public Library
Hit Counter
free hit counter